[Event "Magnus Carlsen Invitational 2021"]
[Site "Online"]
[Date "2021.03.10"]
[Round "14.8"]
[White "Van Foreest, Jorden"]
[Black "Vachier-Lagrave, Maxime"]
[Result "1/2-1/2"]
[WhiteElo "2543"]
[BlackElo "2860"]
[Annotator "TA"]
[PlyCount "91"]
[EventDate "2021.03.13"]
[EventType "tourn"]
[EventCountry "NET"]
[SourceTitle "playchess.com"]
[Source "ChessBase"]
[SourceQuality "1"]

{[%evp 9,91,9,30,25,26,11,46,25,140,131,129,118,129,135,128,110,104,0,124,0,0,0,0,0,0,0,0,0,0,0,35,43,36,39,156,165,141,148,143,94,118,0,0,0,0,0,190,193,199,191,298,284,281,279,293,291,287,291,481,481,446,96,98,0,395,146,309,299,296,231,317,189,175,0,0,0,0,0,0,0,0,0,0,0]} 1. e4 c6 2. d4 d5 3. e5 c5 4. Nf3 Nc6 5. dxc5 Bg4 6. c3 {B12: Caro-Kann: Advance Variation.} e6 7. Be3 {7.b4 is vanishing.} Nge7 {is the legacy move (7...a6).} 8. Bb5 {White is slightly better.} Nf5 (8... Qa5 $11 {remains equal.} 9. Ba4 Bxf3 10. gxf3 Nf5) 9. Qa4 Bxf3 10. Bxc6+ bxc6 11. Qxc6+ Ke7 {[#] Threatens to win with ...Rc8.} 12. Qb7+ $146 ({Predecessor:} 12. gxf3 Rc8 13. Qb7+ Qc7 14. Qxc7+ Rxc7 15. b4 Kd7 16. Ke2 Be7 17. Nd2 a5 18. Rhd1 Rb8 19. Nc4 axb4 20. Nb6+ Rxb6 21. cxb6 Rxc3 {1-0 (54) Gong,Q (2267)-Udani,I (2340) Penang 2012}) 12... Ke8 13. Qc6+ Ke7 {White must now prevent ...Rc8.} 14. Bg5+ (14. gxf3 $16 Qc8 15. Qxc8 Rxc8 16. b4) 14... f6 $11 15. exf6+ gxf6 {aiming for ...Rc8.} 16. Qb7+ Ke8 {Strongly threatening ...Rb8.} 17. Bxf6 $1 Qxf6 18. Qxa8+ Kf7 $1 {( -> ...Qe5+)} 19. gxf3 Qe5+ 20. Kd1 Bxc5 21. Qb7+ Ne7 (21... Kf6 $14) 22. Qb5 $1 $16 {[%cal Rb5c5]} Bxf2 23. Qe2 Be3 24. Na3 {Hoping for Re1.} Nf5 25. Nc2 (25. Re1 $16) 25... d4 $11 26. cxd4 Rd8 27. Ke1 $1 Nxd4 (27... Qf4 $11 {and Black stays safe.} 28. Nxe3 Nxe3) 28. Nxd4 $18 Qxd4 29. Kf1 {Re1 is the strong threat.} Rd5 (29... Rg8 $142) 30. Re1 Re5 31. h4 $1 Qf4 32. Kg2 Qf5 33. Qc4 h5 $2 (33... Qg6+ 34. Kh3 Qf5+ 35. Kg2 Qg6+ 36. Kh2 Qf5 37. Kg2) 34. Qc7+ Kf6 35. Qd8+ $2 (35. Qc3 $18 Qf4 36. Rd1) 35... Kf7 $16 {[#]} 36. Qc7+ $2 {[%mdl 8192]} (36. Rhg1 $1 $16 Rd5 37. Qc7+ Kf6 38. Qc3+ (38. Rxe3 Rd2+ 39. Kg3 Qg6+ 40. Kh3 Qf5+ 41. Rg4 hxg4+ 42. Kg3 Rd1 $16) 38... Bd4 39. Qc8 Bxg1 40. Kxg1) 36... Kf6 $1 $18 {intending ...Qg6+.} 37. Rd1 $2 (37. Qc3 $18 {and White stays clearly on top.} Qf4 38. Rd1) 37... Qg6+ $2 {[#]} (37... Rc5 $16 {keeps fighting.} 38. Qd8+ Kg6) 38. Kf1 $1 Bb6 39. Qd6 Qg7 40. Qd2 (40. Re1 $142 Rxe1+ 41. Kxe1) 40... Qg3 41. Qh6+ $2 (41. Qg2 $18 Qf4 42. b3) 41... Ke7 $11 {[%cal Rg3f3] The position is equal.} (41... Kf7 $5 42. Qh7+ $8 Kf8 43. Qh8+ Ke7 44. Qh7+ Kf8 45. Qh8+ Ke7 46. Qh7+ Kf8 $11) 42. Qh7+ Kf6 {[%cal Rg3f3]} (42... Kf8 $5 43. Qh8+ $8 Ke7 44. Qh7+ Kf8 45. Qh8+ Ke7 46. Qh7+ $11) 43. Qh8+ Ke7 {[%cal Rg3f3]} 44. Qh7+ Kf6 {[%cal Rg3f3]} (44... Kf8 $5 45. Qh8+ $8 Ke7 46. Qh7+ $11) 45. Qh8+ Ke7 {[%cal Rg3f3]} 46. Qh7+ {White really could win this.  Weighted Error Value: White=0.43/Black=0.34} 1/2-1/2

[Event "Magnus Carlsen Invitational 2021"]
[Site "Online"]
[Date "2021.03.10"]
[Round "15.1"]
[White "Vachier-Lagrave, Maxime"]
[Black "Giri, Anish"]
[Result "1/2-1/2"]
[WhiteElo "2860"]
[BlackElo "2731"]
[Annotator "TA"]
[PlyCount "88"]
[EventDate "2021.03.13"]
[EventType "tourn"]
[EventCountry "NET"]
[SourceTitle "playchess.com"]
[Source "ChessBase"]
[SourceQuality "1"]

{[%evp 17,88,12,15,0,0,0,0,0,12,16,14,15,7,14,14,6,11,1,19,19,29,23,35,35,28,28,35,31,43,16,10,11,16,0,0,0,0,0,0,0,0,0,0,0,0,0,0,0,0,4,5,0,2,0,0,0,0,-8,0,0,0,0,0,0,0,0,0,0,0,0,0,0,0]} 1. e4 c5 2. Nf3 d6 3. d4 cxd4 4. Nxd4 Nf6 5. Nc3 a6 6. Be3 e5 7. Nf3 Be7 8. Bc4 O-O 9. O-O Nc6 10. Re1 {B90: Sicilian Najdorf: Unusual White 6th moves, 6 Be3 Ng4 and 6 Be3 e5.} Be6 11. Bb3 Na5 12. Bg5 Nxb3 13. axb3 Ng4 14. Bxe7 Qxe7 15. Nd5 Bxd5 16. Qxd5 Nf6 17. Qd3 {[#]} b5 $146 ({Predecessor:} 17... Qc7 18. Nd2 Rfd8 19. Qc4 {½-½ (19) Boros,D (2461)-Vazquez,G (2400) Cleveland 2015}) 18. b4 Rfd8 19. c3 g6 20. Qe3 Kg7 21. h3 Qc7 22. Ra5 Qb7 23. Nh2 d5 {The position is equal.} 24. exd5 Rxd5 25. Ng4 Nxg4 26. hxg4 Rad8 27. Raa1 R8d6 28. Re2 Qd7 29. Qe4 Rd1+ 30. Rxd1 Rxd1+ $11 {[%mdl 4096] Endgame KQR-KQR} 31. Kh2 Qd5 32. Qxe5+ Qxe5+ 33. Rxe5 {KR-KR} Rd2 34. f3 Rxb2 35. Rc5 h6 36. Rc6 Ra2 $1 37. c4 bxc4 38. Rxc4 a5 39. bxa5 Rxa5 40. Re4 g5 41. Re2 Rb5 42. Re4 Ra5 43. Re2 Rb5 44. Re4 Ra5 {Weighted Error Value: White=0.03/Black=0.02} 1/2-1/2

[Event "Magnus Carlsen Invitational 2021"]
[Site "Online"]
[Date "2021.03.10"]
[Round "15.4"]
[White "Anton Guijarro, David"]
[Black "Dubov, Daniil"]
[Result "0-1"]
[WhiteElo "2674"]
[BlackElo "2770"]
[Annotator "ChessBase"]
[PlyCount "113"]
[EventDate "2021.03.13"]
[EventType "tourn"]
[EventCountry "NET"]
[SourceTitle "playchess.com"]
[Source "ChessBase"]
[SourceQuality "1"]
[TimeControl "900+10"]

1. Nf3 {[%emt 0:00:00]} Nf6 {[%emt 0:00:00]} 2. b3 {[%emt 0:00:00]} g6 {[%emt 0:00:00]} 3. Bb2 {[%emt 0:00:00]} Bg7 {[%emt 0:00:01]} 4. g3 {[%emt 0:00:00]} d6 {[%emt 0:00:16]} 5. d4 {[%emt 0:00:00]} c5 {[%emt 0:00:05]} 6. dxc5 {[%emt 0:00:07]} Qa5+ {[%emt 0:00:14]} 7. Nbd2 {[%emt 0:00:45]} Qxc5 {[%emt 0:00:03]} 8. e3 {[%emt 0:00:25]} O-O {[%emt 0:01:18]} 9. c4 {[%emt 0:00:50]} Nc6 {[%emt 0:00:28]} 10. Bg2 {[%emt 0:00:43]} Qh5 {[%emt 0:00:05]} 11. O-O {[%emt 0:01:18]} Bg4 {[%emt 0:00:03]} 12. Qc2 {[%emt 0:01:23]} Rac8 {[%emt 0:00:04]} 13. Nd4 {[%emt 0:00:30]} Nb4 {[%emt 0:01:40]} 14. Qb1 {[%emt 0:00:03]} Bh3 {[%emt 0:00:10]} 15. f3 {[%emt 0:00:38]} a6 {[%emt 0:00:55]} 16. a3 {[%emt 0:00:31]} Nc6 {[%emt 0:00:16]} 17. Qe1 {[%emt 0:00:48]} Bxg2 {[%emt 0:01:06]} 18. Kxg2 {[%emt 0:00:00]} b5 {[%emt 0:00:19]} 19. g4 {[%emt 0:00:55]} Qc5 {[%emt 0:00:11]} 20. b4 {[%emt 0:01:45]} Qb6 {[%emt 0:00:07]} 21. Rc1 {[%emt 0:00:17]} Ne5 {[%emt 0:00:45]} 22. Qe2 {[%emt 0:00:01]} bxc4 {[%emt 0:00:29]} 23. Nxc4 {[%emt 0:00:01]} Nxc4 {[%emt 0:00:12]} 24. Rxc4 {[%emt 0:00:00]} Nd5 {[%emt 0:03:17]} 25. Rfc1 {[%emt 0:01:15]} Rxc4 {[%emt 0:00:02]} 26. Rxc4 {[%emt 0:00:01]} e5 {[%emt 0:00:08]} 27. Nc2 {[%emt 0:00:07]} Qb5 {[%emt 0:00:22]} 28. Kf2 {[%emt 0:01:00]} Bf6 {[%emt 0:00:12]} 29. Bc1 {[%emt 0:00:51]} e4 {[%emt 0:01:32]} 30. Nd4 {[%emt 0:01:50]} Bh4+ {[%emt 0:00:03]} 31. Kf1 {[%emt 0:00:17]} exf3 {[%emt 0:00:12]} 32. Nxf3 {[%emt 0:00:05]} Bf6 {[%emt 0:00:05]} 33. Rc2 {[%emt 0:00:23]} Qa4 {[%emt 0:00:41]} 34. Qd3 {[%emt 0:00:20]} Re8 {[%emt 0:00:24]} 35. Kf2 {[%emt 0:00:24]} Bg7 {[%emt 0:00:14]} 36. g5 {[%emt 0:00:21]} Nb6 {[%emt 0:01:13]} 37. e4 {[%emt 0:00:40]} d5 {[%emt 0:00:30]} 38. exd5 {[%emt 0:00:04]} Nxd5 {[%emt 0:00:07]} 39. Re2 {[%emt 0:00:20]} Rd8 {[%emt 0:00:08]} 40. Bb2 {[%emt 0:00:15]} Bxb2 {[%emt 0:00:51]} 41. Rxb2 {[%emt 0:00:00]} Rd6 {[%emt 0:00:04]} 42. Re2 {[%emt 0:00:47]} Qd7 {[%emt 0:00:05]} 43. Qe4 {[%emt 0:00:09]} Qa7+ {[%emt 0:00:49]} 44. Qd4 {[%emt 0:00:46]} Qxd4+ {[%emt 0:00:28]} 45. Nxd4 {[%emt 0:00:00]} Nxb4 {[%emt 0:00:07]} 46. axb4 {[%emt 0:00:45]} Rxd4 {[%emt 0:00:01]} 47. Ra2 {[%emt 0:00:00]} Rd6 {[%emt 0:00:50]} 48. Kg3 {[%emt 0:00:21]} Kg7 {[%emt 0:00:16]} 49. h4 {[%emt 0:00:16]} h6 {[%emt 0:00:15]} 50. Rc2 {[%emt 0:00:25]} Rd3+ {[%emt 0:00:32]} 51. Kf2 {[%emt 0:00:26]} hxg5 {[%emt 0:00:21]} 52. hxg5 {[%emt 0:00:01]} Rd5 {[%emt 0:00:00]} 53. Rc5 {[%emt 0:00:16]} Rxc5 {[%emt 0:00:16]} 54. bxc5 {[%emt 0:00:00]} Kf8 {[%emt 0:00:02]} 55. Ke3 {[%emt 0:00:05]} Ke7 {[%emt 0:00:02]} 56. Ke4 {[%emt 0:00:17]} a5 {[%emt 0:00:44]} 57. Kd5 {[%emt 0:00:03]} 0-1

[Event "Magnus Carlsen Invitational 2021"]
[Site "Online"]
[Date "2021.03.10"]
[Round "15.5"]
[White "Grandelius, Nils"]
[Black "Aronian, Levon"]
[Result "1/2-1/2"]
[WhiteElo "2632"]
[BlackElo "2778"]
[Annotator "TA"]
[PlyCount "49"]
[EventDate "2021.03.13"]
[EventType "tourn"]
[EventCountry "NET"]
[SourceTitle "playchess.com"]
[Source "ChessBase"]
[SourceQuality "1"]

{[%evp 14,49,39,20,27,12,17,16,16,8,16,6,10,10,31,14,14,20,18,4,26,-18,0,0,0,-11,-29,-27,-10,-4,0,-22,0,-20,0,-18,0,-16]} 1. e4 e5 2. Nf3 Nc6 3. Bb5 a6 4. Ba4 Nf6 5. O-O Bc5 6. c3 b5 7. Bb3 d6 8. a4 {aiming for axb5.} Bb7 {C78: Ruy Lopez: Archangelsk and Möller Defences.} ({Not} 8... Nxe4 $2 9. Bd5 $18) 9. d3 h6 10. Nh4 {[#]} Rb8 $146 ({Predecessor:} 10... O-O 11. axb5 axb5 12. Rxa8 Bxa8 13. Qf3 Kh8 14. Nf5 Ng8 15. Qg3 Qf6 16. Ne3 Qg6 17. Qxg6 fxg6 {1-0 (41) Movsesian,S (2709)-Kurnosov,I (2674) Dagomys 2010}) 11. axb5 axb5 12. Nf5 O-O 13. Qf3 {[#] Qg3! is the strong threat.} Bc8 14. Nd2 Bxf5 15. Qxf5 Ne7 16. Qh3 b4 17. Bc4 bxc3 18. bxc3 c6 19. Nf3 d5 20. Ba2 Bd6 21. Bb1 {The position is equal.} Ng6 22. Qf5 Ne7 23. Qh3 Ng6 24. Qf5 Ne7 25. Qh3 {A rather calm draw.  Weighted Error Value: White=0.11/Black=0.09} 1/2-1/2

[Event "Magnus Carlsen Invitational 2021"]
[Site "Online"]
[Date "2021.03.10"]
[Round "15.7"]
[White "Nepomniachtchi, Ian"]
[Black "Pichot, Alan"]
[Result "1-0"]
[WhiteElo "2778"]
[BlackElo "2548"]
[Annotator "TA"]
[PlyCount "53"]
[EventDate "2021.03.13"]
[EventType "tourn"]
[EventCountry "NET"]
[SourceTitle "playchess.com"]
[Source "ChessBase"]
[SourceQuality "1"]

{[%evp 11,53,34,50,12,31,20,33,33,36,61,60,18,15,27,26,47,18,28,47,22,58,43,103,0,0,0,0,0,0,0,0,0,0,0,0,0,36,36,33,36,55,79,770,754]} 1. e4 c5 2. Nf3 e6 3. d4 cxd4 4. Nxd4 Nc6 {[%cal Bb8c6,Bc6e5,Be5g4][%mdl 32]} 5. Nc3 Qc7 6. Be3 a6 7. Qf3 {B48: Sicilian: Taimanov: 5 Nc3 Qc7 6 Be3 a6 without Be2.} Ne5 8. Qg3 b5 9. O-O-O {White is slightly better.} Nf6 {Threatening ...b4.} 10. f4 Neg4 11. Bd2 {Strongly threatening e5.} (11. Bg1 $5 {[%cal Re4e5]}) 11... b4 12. Na4 {e5 is the strong threat.} h5 13. Bd3 d5 14. e5 Ne4 15. Bxe4 dxe4 16. h3 Nh6 {[#]} 17. Qb3 $5 $146 {[%mdl 8] An interesting novelty.} (17. Bxb4 $1 $16 {[%mdl 512] Threatens to win with Bd6!} Bxb4 18. Qxg7) ({Predecessor:} 17. b3 Bd7 18. Nb2 Bc5 19. Be3 O-O 20. Qf2 a5 21. Kb1 a4 22. g4 Ra6 23. Nxe6 Bxe6 24. Bxc5 axb3 25. cxb3 {½-½ (48) Caruana,F (2832)-Shankland,S (2724) Germany 2019}) 17... Bd7 {aiming for ...Qa5.} 18. Bxb4 Rb8 19. Bxf8 Rxb3 {[%mdl 64] Pin} 20. Bd6 $1 $36 {[%cal Rd6c7][%mdl 2048] White is pushing.} Qa5 21. axb3 Bxa4 22. bxa4 Qxa4 23. Ba3 {And now Rhe1 would win.} Kd7 {With the idea ...Kc8.} 24. Rhe1 Kc8 25. Rxe4 Rd8 {next ...Nf5 is good for Black.} 26. Rd3 $1 Nf5 $2 {[%mdl 8192] [#]} (26... Rd5 $16) 27. Nxe6 $1 {[%mdl 576] Discovered Attack.  Weighted Error Value: White=0.12/Black=0.08} 1-0

[Event "Magnus Carlsen Invitational 2021"]
[Site "Online"]
[Date "2021.03.10"]
[Round "15.8"]
[White "Karjakin, Sergey"]
[Black "Radjabov, Teimour"]
[Result "1-0"]
[WhiteElo "2709"]
[BlackElo "2758"]
[Annotator "TA"]
[PlyCount "59"]
[EventDate "2021.03.13"]
[EventType "tourn"]
[EventCountry "NET"]
[SourceTitle "playchess.com"]
[Source "ChessBase"]
[SourceQuality "1"]

{[%evp 10,59,18,23,27,23,30,25,25,17,58,64,83,34,34,27,54,33,53,54,58,60,68,70,75,52,61,49,56,37,72,87,134,104,102,84,89,70,68,81,272,213,411,429,576,575,529,545,695,525,503,507]} 1. e4 c5 2. Nf3 Nc6 3. Nc3 e5 4. Bc4 Be7 5. d3 d6 6. O-O h6 {B30: Sicilian: 2...Nc6 3 Bb5, lines without ...g6.} 7. Nd5 Nf6 8. a3 $5 {[%mdl 4] Leaves trodden paths.} O-O {White has an edge.} 9. c3 {[#]} Nd7 $146 ({Predecessor:} 9... Nxd5 10. Bxd5 Bg4 11. h3 Bxf3 12. Qxf3 Bg5 13. Qg4 Bxc1 14. Raxc1 Ne7 15. Ba2 Kh8 {½-½ (58) Stoinev,M (2268)-Miljkovic,M (2477) Plovdiv 2010}) 10. b4 Nb6 11. Nxb6 axb6 12. Be3 Bf6 13. Qb3 Bd7 14. h3 Ne7 {[%cal Bc6e7,Be7g6,Bg6f4][%mdl 32]} 15. a4 Qc7 16. Rfb1 Ra7 17. Nd2 Ng6 18. Kh2 Nf4 19. Ra2 g5 20. Nf1 d5 21. exd5 e4 {[#] Threatens to win with ...Nxd5+.} 22. bxc5 bxc5 {aiming for ...Nxd5+.} 23. Qb6 Qxb6 24. Rxb6 Bd8 {This costs Black the game.} (24... Be5 $16 25. Bxf4 (25. Rxh6 Nxd5+ 26. Kg1 Nxe3 $11) 25... Bxf4+ 26. g3 Bc7) 25. Rxh6 Kg7 $2 {[#]} (25... Nxd3 26. Bxd3 exd3) 26. Bxc5 $18 Re8 {White is clearly winning.} 27. Rd6 b6 28. Bd4+ Kh7 29. Rxd7 Rxd7 30. Bb5 {[%mdl 64] Skewer.  Weighted Error Value: White=0.18/Black=0.45} 1-0